00922 2200313 4500001002100000005001500021035002000036007000300056040001800059100002700077245011900104250001000223300003400233504002500267020002200292041000800314082001000322084001600332090002200348264003400370336002100404337003000425338002300455650001700478700003900495850001000534008004100544990002300585INLIS00000000000985220260413105058 a0010-0123000179ta aSBPUSPADbInd aAhmad ZakkyePengarang1 aEnsiklopedia For Moslem Kids /cAhmad Zakky, Editors, Syerif Nurhakim, Ilustrator, Syafrudin, Yudha Benny, Cendra. aCet.1 avi, 96 hlm :billus, ;c28 cm aBibliografi hlm 86, a978-979-063-566-107aind a2x1.4 a2X1.4 AHM e a2X1.4 AHM e T15-4 aJakarta :bZikrul kids,c2010 2rdacontentaTeks 2rdamediaatanpa perantara 2rdacarrieravolume 4aEnsiklopedia0 aEditor, Syerif NurhakimePengarang aPUPAD260413 0  a17906/BR/KAPD/2012